|
|
|
|
| LEADER |
01252nam a2200325 a 4500 |
| 001 |
3830 |
| 003 |
BD-DhAAL |
| 005 |
20150614093532.0 |
| 008 |
150614s1996 enk b 00100 eng d |
| 010 |
|
|
|a 96130539
|
| 015 |
|
|
|a GB96-51788
|
| 020 |
|
|
|a 1872807666
|
| 035 |
|
|
|a 2512288
|
| 040 |
|
|
|a ANL
|b eng
|d ANL
|d BD-DhAAL
|
| 050 |
0 |
0 |
|a JN318
|b .A76 1996
|
| 082 |
|
|
|a 354.4107
|
| 245 |
0 |
0 |
|a Aspects of accountability in the British system of government /
|c edited by Robert Pyper.
|
| 260 |
|
|
|a Eastham, Wirral, Merseyside :
|b Tudor Business Pub.,
|c c1996.
|
| 300 |
|
|
|a 238 p. ;
|c 24 cm.
|
| 504 |
|
|
|a Includes bibliographical references and index.
|
| 541 |
|
|
|e 3830
|
| 650 |
|
0 |
|a Administrative agencies
|z Great Britain
|x Evaluation.
|9 11958
|
| 650 |
|
0 |
|a Administrative agencies
|z Great Britain
|x Management.
|9 11959
|
| 650 |
|
0 |
|a Administrative responsibility
|z Great Britain.
|9 11960
|
| 650 |
|
0 |
|a Local government
|z Great Britain.
|9 11961
|
| 651 |
|
0 |
|a Great Britain
|x Politics and government.
|9 11962
|
| 700 |
1 |
|
|a Pyper, Robert.
|9 11963
|
| 942 |
|
|
|2 ddc
|c BK
|
| 999 |
|
|
|c 34696
|d 34696
|
| 952 |
|
|
|0 0
|1 0
|2 ddc
|4 0
|6 354_410700000000000_ASP
|7 0
|9 54263
|a SCL
|b SCL
|c GEN
|d 2015-06-14
|e Gift: The British Council
|l 0
|o 354.4107 ASP
|p 3020003830
|r 2015-06-14
|t 1
|w 2015-06-14
|y BK
|